| 000 | 00410nam a2200157 i 4500 | ||
|---|---|---|---|
| 001 | 43035 | ||
| 003 | ES-MaACL | ||
| 005 | 20230906160724.0 | ||
| 007 | t| | ||
| 008 | 030314s1913 ag ||||1| spa d | ||
| 100 | 1 |
_aCenoz, Pedro. _937411 |
|
| 245 | 1 | 3 |
_aEl Chaco argentino / _cpor Pedro Cenoz. |
| 260 |
_aBuenos Aires : _bJacobo Penser, _c1913. |
||
| 300 |
_aV, 165 p. ; _c23 cm. |
||
| 852 |
_aES-MaACL _jD-4068 |
||
| 999 |
_c43035 _d43035 |
||